000 02138nam a2200361Ia 4500
005 20140805153630.0
008 130821s1952 xx g q mlmul d
040 _aCO-BoUCM
_bspa
_cOscar Anaya (modificó)
_d[Nuevo]
041 _aeng
041 _aspa
092 _aDVD 0080
245 0 0 _aRobinson Crusoe
_cLuis Buñuel, director
_h[DVD]
260 _a[Lugar desconocido]
_bUltramar Films, Olmec
_c1952
300 _a1 DVD, 90 minutos
_bimagen, sonido, color
500 _aSINOPSIS : En 1659, el inglés Robinson, único sobreviviente de un naufragio, llega a una isla desierta. Tras varios años de soledad, Robinson descubre que la isla está habitada por salvajes. Tras enfrentarse a ellos, salva a un nativo a quien le pone el nombre de Viernes. Juntos vivirán en la isla por varios años más, hasta que otros náufragos aparecen
508 _aCRÉDITOS: Dirigida por Luis Buñuel ; guion por Philip Ansell Roll ; producida por Óscar Dancigers ; música por Anthony Collins ; fotografía por Alex Phillips ; diseño de producción por Edward Fitzgerald ; ambientación por Pablo Galván ; maquillaje por Armando Meyer
511 0 _aREPARTO: Dan O'Herlihy, Jaime Fernández, Felipe de Alba, Chel López, José Chávez, Emilio Garibay
520 _aBasado en el libro "Robinson Crusoe" de Daniel Defoe
546 _aAudio en inglés y español. Subtítulos en inglés
650 0 4 _aEntretenimiento
_926487
650 0 4 _aLiteratura en el cine
_vDVD
_918647
650 0 4 _aLiteratura europea
_926524
650 0 4 _aPelículas cinematográficas
_vDVD
_vVersiones cinematográficas
_vDVD
_956398
650 0 4 _aPelículas cinematográficas
_zEstados Unidos
_vDVD
_951326
650 0 4 _aPelículas de aventuras
_vDVD
_921236
700 1 _aBuñuel, Luis
_d1900-1983
_963597
_edirector
710 2 _aOlmec
_963598
710 2 _aProducciones Tepeyac
_963599
710 2 _aVCI Entertainment
_963600
765 0 _tRobinson Crusoe
856 4 0 _uhttps://www.youtube.com/watch?v=KaBA7_z_nCE
_zSiga este enlace para ver el trailer
_zTrailer tomado del canal CSTONEUK vía YouTube.com
942 _cMULTIMEDIA
_2LOCAL
_a11
_e1
_hDVD 0080
999 _c49528
_d49528